| 000 | 00442nam a2200181Ia 4500 | ||
|---|---|---|---|
| 001 | 20184 | ||
| 005 | 20260306172747.0 | ||
| 008 | 260306t2010||||xx |||||||||||||| ||spa|| | ||
| 041 | _aESP | ||
| 082 |
_a342.813 _bA53 |
||
| 100 |
_aThe American Law Institute _eAUT |
||
| 245 | 0 | _aPrincipios ALI/ UNIDROIT del proceso civil transnacional | |
| 260 | _c2010 | ||
| 300 |
_a _c |
||
| 650 | _aGEN | ||
| 654 | _aCDE | ||
| 942 |
_cLIB _dJUS _fJUS _2ddc _n |
||
| 999 |
_c20184 _d20184 |
||